00512nam a2200169Ia 450000500170000000800410001702000150005808200130007310000200008624500270010626000630013330000120019650000180020894200060022695200950023299900150032720241014015029.0240331s9999 xx 000 0 und d a9559504843 bKANa820 aKannangara, E.T 0aLiterary contributions aColombobJournals in Sri Lanka and Foreign Countriesc1994 a61 p ., aShort Stories cL 001040708LaWERCLbWERCLcSSCd2024-03-31l0o 820 KANp3861r2024-03-31w2024-03-31yL c3176d3176